000
00260nam a2200097Ia 4500
008
220204s9999 xx 000 0 und d
082
_a
382.6(083)
_b
EXP
245
0
_a
Export potential survey. V 5. Maharashtra
260
_a
Delhi
_b
Foreign trade
_c
1970
942
_c
BK
999
_c
21606
_d
21606